<?xml version='1.0' encoding='UTF-8'?>
  <record xmlns="http://www.loc.gov/MARC21/slim">
    <leader>00000cam a22000007i 4500</leader>
    <controlfield tag="001">ocn902597757</controlfield>
    <controlfield tag="003">OCoLC</controlfield>
    <controlfield tag="005">20250929000600.4</controlfield>
    <controlfield tag="008">150130s1564    gw            000 0 lat d</controlfield>
    <datafield tag="040" ind1=" " ind2=" ">
      <subfield code="a">NLGGC</subfield>
      <subfield code="b">eng</subfield>
      <subfield code="e">rda</subfield>
      <subfield code="e">dcrmr</subfield>
      <subfield code="c">NLGGC</subfield>
      <subfield code="d">QGJ</subfield>
      <subfield code="d">OCLCO</subfield>
      <subfield code="d">OCLCL</subfield>
      <subfield code="d">QGJ</subfield>
      <subfield code="d">OCLCL</subfield>
      <subfield code="d">OCLCO</subfield>
    </datafield>
    <datafield tag="035" ind1=" " ind2=" ">
      <subfield code="a">(OCoLC)902597757</subfield>
    </datafield>
    <datafield tag="110" ind1="2" ind2=" ">
      <subfield code="a">Evangelische Reichsstände.</subfield>
    </datafield>
    <datafield tag="245" ind1="1" ind2="0">
      <subfield code="a">Causae cur electores, principes, aliique Augustanae Confessioni coniuncti status, ad impium Concilium à Pontifice Piio IIII. Tridenti indictum, non accedant, :</subfield>
      <subfield code="b">Addita simul commemoratione, sacrarum literarum testimonijs confirmata, Quae eius Concilij, aliorumq[ue], omnium Pontificiorum decretorum, &amp; Continuationis ratio sit ... Item. Responsum datum legatis pontificijs Zachariae Delphino Episcopo Pharensi patricio Veneto, &amp; Commandeno Episcopo Iacenthino, in conuentu Naumburgensi, Anno 1561.</subfield>
    </datafield>
    <datafield tag="246" ind1="3" ind2=" ">
      <subfield code="a">Cavsæ cvr electores, principes, alliiqve Augustanæ Confeßioni coniuncti status, ad impium Concilium à Pontifice Piio IIII. Tridenti indictum, non accedant</subfield>
    </datafield>
    <datafield tag="264" ind1=" " ind2="1">
      <subfield code="a">Vitebergae :</subfield>
      <subfield code="b">Excudebant haeredes Georgij Rhauu,</subfield>
      <subfield code="c">M.D. LXIIII. [1564]</subfield>
    </datafield>
    <datafield tag="300" ind1=" " ind2=" ">
      <subfield code="a">[102] pages ;</subfield>
      <subfield code="c">16 cm (8vo)</subfield>
    </datafield>
    <datafield tag="336" ind1=" " ind2=" ">
      <subfield code="a">text</subfield>
      <subfield code="b">txt</subfield>
      <subfield code="2">rdacontent</subfield>
    </datafield>
    <datafield tag="337" ind1=" " ind2=" ">
      <subfield code="a">unmediated</subfield>
      <subfield code="b">n</subfield>
      <subfield code="2">rdamedia</subfield>
    </datafield>
    <datafield tag="338" ind1=" " ind2=" ">
      <subfield code="a">volume</subfield>
      <subfield code="b">nc</subfield>
      <subfield code="2">rdacarrier</subfield>
    </datafield>
    <datafield tag="340" ind1=" " ind2=" ">
      <subfield code="m">8vo</subfield>
      <subfield code="2">rdabf</subfield>
    </datafield>
    <datafield tag="500" ind1=" " ind2=" ">
      <subfield code="a">Contains also in gathering A: Epistola ad Caesaream Maiestatem, qua sequens Scriptum Francoforti Caesareae Maiestati oblatum est. (Problaby Ferdinand I)</subfield>
    </datafield>
    <datafield tag="500" ind1=" " ind2=" ">
      <subfield code="a">Authorship from VD 16.</subfield>
    </datafield>
    <datafield tag="500" ind1=" " ind2=" ">
      <subfield code="a">Initials.</subfield>
    </datafield>
    <datafield tag="500" ind1=" " ind2=" ">
      <subfield code="a">Printers' name from colophon which reads: Vitebergae excudebant haeredes Georgij Rhauu.</subfield>
    </datafield>
    <datafield tag="500" ind1=" " ind2=" ">
      <subfield code="a">Signatures: A-F⁸ G⁴ ; G4 is blank.</subfield>
    </datafield>
    <datafield tag="510" ind1="4" ind2=" ">
      <subfield code="a">Verzeichnis der im deutschen Sprachbereich erschienenen Drucke des 16. Jahrhunderts (VD 16),</subfield>
      <subfield code="c">E 4634</subfield>
      <subfield code="u">https://gateway-bayern.de/VD16+E+4634</subfield>
    </datafield>
    <datafield tag="650" ind1=" " ind2="0">
      <subfield code="a">Reformation</subfield>
      <subfield code="z">Germany.</subfield>
    </datafield>
    <datafield tag="610" ind1="2" ind2="4">
      <subfield code="a">Catholic Church</subfield>
      <subfield code="x">Controversial literature</subfield>
      <subfield code="v">Early works to 1800.</subfield>
    </datafield>
    <datafield tag="611" ind1="2" ind2="4">
      <subfield code="a">Council of Trent</subfield>
      <subfield code="d">(1545-1563)</subfield>
    </datafield>
    <datafield tag="650" ind1=" " ind2="7">
      <subfield code="a">Reformation</subfield>
      <subfield code="2">fast</subfield>
    </datafield>
    <datafield tag="651" ind1=" " ind2="7">
      <subfield code="a">Germany</subfield>
      <subfield code="2">fast</subfield>
      <subfield code="1">https://id.oclc.org/worldcat/entity/E39PBJtCD3rcKcPDx6FHmjvrbd</subfield>
    </datafield>
    <datafield tag="700" ind1="1" ind2=" ">
      <subfield code="a">Delfino, Zaccaria,</subfield>
      <subfield code="d">1527-1583,</subfield>
      <subfield code="e">other.</subfield>
      <subfield code="4">oth</subfield>
      <subfield code="1">https://id.oclc.org/worldcat/entity/E39PBJdrDmccG73Hgw3rQCvbVC</subfield>
    </datafield>
    <datafield tag="700" ind1="1" ind2=" ">
      <subfield code="a">Commendone, Giovanni Francesco,</subfield>
      <subfield code="d">1524-1584,</subfield>
      <subfield code="e">other.</subfield>
      <subfield code="4">oth</subfield>
      <subfield code="1">https://id.oclc.org/worldcat/entity/E39PBJjdhHmyYbVBFgf4hBQyVC</subfield>
    </datafield>
    <datafield tag="710" ind1="2" ind2=" ">
      <subfield code="a">Georg Rhawes Erben,</subfield>
      <subfield code="e">printer.</subfield>
      <subfield code="4">prt</subfield>
      <subfield code="1">https://id.oclc.org/worldcat/entity/E39QH7Jmptt679m84Mf3HwYKtg</subfield>
    </datafield>
    <datafield tag="710" ind1="2" ind2=" ">
      <subfield code="a">Catholic Church.</subfield>
      <subfield code="b">Apostolic Nunciature (Germany)</subfield>
    </datafield>
    <datafield tag="752" ind1=" " ind2=" ">
      <subfield code="a">Germany</subfield>
      <subfield code="d">Wittenberg (Saxony-Anhalt),</subfield>
      <subfield code="e">publication place</subfield>
      <subfield code="4">pup</subfield>
    </datafield>
    <datafield tag="758" ind1=" " ind2=" ">
      <subfield code="i">has work:</subfield>
      <subfield code="a">Causae cur electores, principes, alijque Augustanae Confessioni coniuncti status, ad impium Concilium à Pontifice Piio IIII. Tridenti indictum, non accedant (Text)</subfield>
      <subfield code="1">https://id.oclc.org/worldcat/entity/E39PCFyYBqjCddcpjWd3RXX3DC</subfield>
      <subfield code="4">https://id.oclc.org/worldcat/ontology/hasWork</subfield>
    </datafield>
  </record>